ბათუმის შოთა რუსთაველის სახელმწიფო უნივერსიტეტის ბიბლიოთეკა

უმაღლესი განათლების კურსდამთავრებულთა კონკურენტუნარიანობა შრომის ბაზარზე და მისი ამაღლების გზები : (ბიბ.ჩანაწერი № 58488)

000 -ლიდერი
ფიქსირებული სიგრძის საკონტროლო ველი 02066nam a22002177a 4500
003 - საკონტროლო ნომრის იდენტიფიკატორი
საკონტროლო ველი Ge_BSU
005 - ბოლო ოპერაციის თარიღი და დრო
საკონტროლო ველი 20221221133215.0
008 - ფიქსირებული სიგრძის მონაცემთა ელემენტები - ზოგადი ინფორმაცია
ფიქსირებული სიგრძის საკონტროლო ველი 220412s2022 ge ||||| |||| 00| 0 geo d
041 ## - ენის კოდი
Language code of text/sound track or separate title geo
080 ## - უნივერსალური ათობითი კლასიფიკაციის ინდექსი
Universal Decimal Classification number 33 ფ-78
100 ## - მთავარი ჩანაწერი - პიროვნების სახელი
Personal name ფოლადაშვილი, თამარ
9 (RLIN) 13667
245 ## - ცნობა სათაურის შესახებ
Title უმაღლესი განათლების კურსდამთავრებულთა კონკურენტუნარიანობა შრომის ბაზარზე და მისი ამაღლების გზები :
Remainder of title დისერტაცია /
Statement of responsibility, etc თამარ ფოლადაშვილი; სამეცნიერო ხელმძღვანელი ნ. წიკლაშვილი; ბათუმის შოთა რუსთაველის სახელმწიფო უნივერსიტეტი. ეკონომიკისა და ბიზნესის ფაკულტეტი. ბიზნესის ადმინისტრირების, მენეჯმენტისა და მარკეტინგის დარგობრივი დეპარტამენტი.
264 ## - წარმოების, გამოცემის, დისტრიბუციის და სხვა ცნობები
გამოცემის, წარმოების, დისტრიბუციის... ადგილი ბათუმი,
გამოცემის, წარმოების, დისტრიბუციის... თარიღი 2020.
300 ## - ფიზიკური აღწერა
Extent 167 გვ.;
Other physical details 30 სმ.
504 ## - BIBLIOGRAPHY, ETC. NOTE
Bibliography, etc ბიბლიოგრ. გვ.151-160
653 ## - INDEX TERM--UNCONTROLLED
Uncontrolled term ეკონომიკა
653 ## - INDEX TERM--UNCONTROLLED
Uncontrolled term დისერტაცია
700 ## - ADDED ENTRY--PERSONAL NAME
Personal name წიკლაშვილი, ნ.
Relator term სამეცნიერო ხელმძღვანელი
9 (RLIN) 10800
710 ## - ADDED ENTRY--CORPORATE NAME
Corporate name or jurisdiction name as entry element ბათუმის შოთა რუსტაველის სახელმწიფო უნივერსიტეტი.
Subordinate unit ეკონომიკისა და ბიზნესის ფაკულტეტი. ბიზნესის ადმინისტრირების, მენეჯმენტისა და მარკეტინგის დარგობრივი დეპარტამენტი
9 (RLIN) 13668
942 ## - ADDED ENTRY ELEMENTS (KOHA)
Source of classification or shelving scheme
Koha item type დისერტაცია
ეგზემპლარები
ჩამოწერის სტატუსი დაკარგული ეგზემპლარის სტატუსი კლასიფიკაციის წყარო ან თაროზე გაწყობის სქემა დაზიანების სტატუსი არ გაიცემა მუდმივი მდებარეობა (დაცვის ადგილი) ამჟამინდელი ადგილსამყოფელი თაროზე განთავსების ადგილი შეძენის თარიღი სრული შენახვის შიფრი შტრიხკოდი ბოლო ოპერაციის თარიღი ეგზემპლარის მიმდევრობითი ნომერი (კეტერი?) ფასის ძალაში შესვლის თარიღი ეგზემპლარის სახეობა
        არ გაიცემა ბათუმის შოთა რუსთაველის სახელმწიფო უნივერსიტეტის მთავარი ბიბლიოთეკა ბათუმის შოთა რუსთაველის სახელმწიფო უნივერსიტეტის მთავარი ბიბლიოთეკა წიგნსაცავი 2022-04-12 33 ფ-78 389 დისეერტაცია 2022-04-12 389 2022-04-12 დისერტაცია